000 00458nam a22001817a 4500
003 OSt
008 260623b |||||||| |||| 00| 0 eng d
020 _a9780415272117
082 _a592.57
_bL47B
245 _aBiology of Nematodes /
_cedited by Donald L. Lee
260 _a.- Boca Raton
_b: CRC Press
_c, 2002
300 _axii,635p.
650 _aPure Science
650 _aAnimals
650 _aNematoda
700 _aLee, Donald L.
942 _2ddc
_cBK
999 _c52223
_d52223